Logo BPK

Biblioteka

Politechniki Koszalińskiej

Fiziceskaja elektronika / (Rekord nr 27208)

Szczegóły MARC
000 -ETYKIETA REKORDU
podpole kontrolne o stałej długości 00492nam a2200193 i 4500
001 - NUMER KONTROLNY REKORDU
pole kontrolne bg
040 ## - ŹRÓDŁO KATALOGOWANIA
Instytucja, która utworzyła rekord BPK
041 ## - KOD JĘZYKA
Kod języka tekstu pol
080 ## - UNIWERSALNA KLASYFIKACJA DZIESIĘTNA - UKD
UKD 537
008 - POLE O STAŁEJ DŁUGOŚCI - DANE KONTROLNE
podpole kontrolne o stałej długości s pl f |000 0 pol
245 #0 - TYTUŁ/ODPOWIEDZIALNOŚĆ
Tytuł Fiziceskaja elektronika /
Pozostałe elementy strefy tytułu i oznaczenia odpowiedzialności Red. koll. A. I. Andrievskij [i in.].
250 ## - STREFA WYDANIA
Oznaczenie wydania Vyp. 8.
260 ## - STREFA ADRESU WYDAWNICZEGO
Miejsce wydania L'vov :
Nazwa wydawcy/dystrybutora "Visca Skola",
Data publikacji, dystrybucji/powstania dokumentu 1974.
300 ## - STREFA OPISU FIZYCZNEGO
Objętość s. 141 :
Inne cechy fizyczne rys.
500 ## - UWAGI OGÓLNE
Tekst uwagi [Alf. ros.].
504 ## - UWAGA DOTYCZĄCA BIBLIOGRAFII
Informacje o bibliografii [Zawiera bibliogr.].
700 1# - HASŁO DODATKOWE - NAZWA OSOBOWA
Nazwa osobowa ANDRIEVSKIJ, A. N.
Określenie związku między hasłem a opisywanym materiałem Red.
942 ## - DODATKOWE ELEMENTY (KOHA)
Typ dokumentu Książka
Egzemplarze
Wycofany Status egzemplarza Uszkodzony Dostępność Lokalizacja stała Lokalizacja bieżąca Miejsce przechowywania Sygnatura Kod kreskowy Typ dokumentu
      Dostępny Biblioteka Politechniki Koszalińskiej Biblioteka Politechniki Koszalińskiej Wypożyczalnia BG 19057 01703092 Książka
      Dostępny Biblioteka Politechniki Koszalińskiej Biblioteka Politechniki Koszalińskiej Wypożyczalnia BG 19058 01703108 Książka
© 2023 Biblioteka Politechniki Koszalińskiej :: KOHA